The Photoshop Elements 12 book for digital photographers / (Record no. 19622)

MARC details
000 -LEADER
fixed length control field 01154cam a22003255a 4500
001 - CONTROL NUMBER
control field 16021749
005 - DATE AND TIME OF LATEST TRANSACTION
control field 20150616095409.0
008 - FIXED-LENGTH DATA ELEMENTS--GENERAL INFORMATION
fixed length control field 091214t2014 caua fr 001 0 eng d
020 ## - INTERNATIONAL STANDARD BOOK NUMBER
International Standard Book Number 032194780
020 ## - INTERNATIONAL STANDARD BOOK NUMBER
International Standard Book Number 9780321947802
040 ## - CATALOGING SOURCE
Original cataloging agency BTCTA
Language of cataloging eng
Transcribing agency BTCTA
Modifying agency EG-ScBUE
082 04 - DEWEY DECIMAL CLASSIFICATION NUMBER
Classification number 006.686
Edition number 22
Item number KEL
100 1# - MAIN ENTRY--PERSONAL NAME
Personal name Kelby, Scott.
9 (RLIN) 38156
245 14 - TITLE STATEMENT
Title The Photoshop Elements 12 book for digital photographers /
Statement of responsibility, etc Scott Kelby and Matt Kloskowski.
250 3# - EDITION STATEMENT
Edition statement The Photoshop Elements Twelfth book for digital photographers
260 ## - PUBLICATION, DISTRIBUTION, ETC. (IMPRINT)
Place of publication, distribution, etc [San Francisco] :
Name of publisher, distributor, etc New Riders / Pearson Education,
Date of publication, distribution, etc c.2014.
300 ## - PHYSICAL DESCRIPTION
Extent xvii, 427 p. :
Other physical details ill. (some col.) ;
Dimensions 26 cm.
490 0# - SERIES STATEMENT
Series statement Voices that matter
500 ## - GENERAL NOTE
General note Index : p. 413-427.
521 ## - TARGET AUDIENCE NOTE
Target audience note User level : beginner- intermediate
630 00 - SUBJECT ADDED ENTRY--UNIFORM TITLE
Uniform title Adobe Photoshop elements.
Source of heading or term BUEsh
650 #0 - SUBJECT ADDED ENTRY--TOPICAL TERM
Topical term or geographic name as entry element Photography
General subdivision Digital techniques.
Source of heading or term BUEsh
9 (RLIN) 37027
650 #0 - SUBJECT ADDED ENTRY--TOPICAL TERM
Topical term or geographic name as entry element Image processing
General subdivision Digital techniques.
Source of heading or term BUEsh
650 #0 - SUBJECT ADDED ENTRY--TOPICAL TERM
Topical term or geographic name as entry element Computer graphics.
Source of heading or term BUEsh
651 ## - SUBJECT ADDED ENTRY--GEOGRAPHIC NAME
Source of heading or term BUEsh
653 ## - INDEX TERM--UNCONTROLLED
Resource For college Informatics and Computer Science
-- Communication and mass media
Arrived date list June2015
655 ## - INDEX TERM--GENRE/FORM
Form subdivision
-- 34232
700 1# - ADDED ENTRY--PERSONAL NAME
Personal name Kloskowski, Matt.
942 ## - ADDED ENTRY ELEMENTS (KOHA)
Source of classification or shelving scheme Dewey Decimal Classification
Call number prefix 006.686 KEL
Holdings
Withdrawn status Lost status Source of classification or shelving scheme Damaged status Not for loan Koha collection Home library Current library Shelving location Date acquired Source of acquisition Cost, normal purchase price Serial Enumeration / chronology Total Checkouts Total Renewals Full call number Barcode Date last seen Date last borrowed Cost, replacement price Koha item type
    Dewey Decimal Classification     Alahram Central Library Central Library Lower Floor 11/06/2015   375.00 435 1 1 006.686 KEL 000038674 15/07/2025 22/06/2015 468.75 Book - Borrowing